[Event "Candidates Tournament"]
[Site "Toronto"]
[Date "2024.04.20"]
[Round "13.2"]
[White "Praggnanandhaa, Rameshbabu"]
[Black "Caruana, Fabiano"]
[Result "0-1"]
[WhiteElo "2747"]
[BlackElo "2803"]
[PlyCount "178"]
[EventDate "2024.04.04"]
[EventType "tourn"]
[EventRounds "14"]
[EventCountry "CAN"]
[EventCategory "20"]
[SourceTitle "CB17_2024"]
[SourceDate "2024.04.24"]
[SourceVersion "1"]
[SourceVersionDate "2024.04.24"]
[SourceQuality "1"]

1. e4 c5 2. Nf3 Nc6 3. Bb5 Nf6 4. Bxc6 dxc6 5. d3 Qc7 6. Nbd2 e5 7. a4 Be6 8. b3 Be7 9. Nc4 Nd7 10. Ng5 Bxc4 11. bxc4 Nf8 12. Qg4 h5 13. Qf5 Bd6 14. 0-0 Qe7 15. Qh3 f6 16. Nf3 g5 17. Nd2 Ne6 18. Re1 g4 19. Qe3 0-0-0 20. Qe2 Rdg8 21. Nf1 h4 22. Ne3 Nd4 23. Qd1 h3 24. g3 Nf3+ 25. Kh1 Nxe1 26. Qxe1 Qd7 27. Rb1 Bf8 28. Ba3 Kb8 29. Qe2 Ka8 30. Kg1 Rh7 31. Qd1 Rhg7 32. Kf1 Qd8 33. Qe1 Rg5 34. Rb3 Rh5 35. Rb1 Bd6 36. Bb2 Bc7 37. Bc3 Qd7 38. Qd1 Bd6 39. Qe2 Bf8 40. f3 gxf3 41. Qxf3 Rh7 42. Nf5 Qe8 43. Bd2 Qh5 44. Qxh5 Rxh5 45. Ke2 b6 46. Kf3 Rh7 47. g4 Be7 48. Kg3 Bd8 49. Be3 a5 50. Rb3 Ka7 51. Rb1 Ka6 52. Rb2 Bc7 53. Rb1 Rb8 54. Rf1 b5 55. cxb5+ cxb5 56. Bxc5 bxa4 57. Ne3 Bd8 58. Ba3 Rc8 59. Nc4 Rc6 60. Ra1 Bb6 61. Bc1 Bd4 62. Rxa4 Bc3 63. Ra3 Bb4 64. Ra2 Be1+ 65. Kf3 Rb7 66. Bb2 Rb5 67. c3 Rc7 68. Ba1 Rd7 69. d4 Rc7 70. Ne3 exd4 71. cxd4 Rb3 72. Kf4 Rc1 73. e5 fxe5+ 74. dxe5 Rxa1 75. Rxa1 Bd2 76. e6 Bxe3+ 77. Kf5 Bc5 78. Rc1 Kb6 79. g5 Be7 80. Kg6 a4 81. Rc8 Re3 82. Re8 a3 83. Ra8 Kb7 84. Ra5 Rxe6+ 85. Kf7 Ra6 86. Rxa6 Kxa6 87. g6 a2 88. g7 a1Q 89. g8Q Qa2+ 0-1

[Event "Titled Tuesday intern op 16th Apr Early"]
[Site "Chess.com INT"]
[Date "2024.04.16"]
[Round "1"]
[White "Caruana, Fabiano"]
[Black "Ferey, Antonin"]
[Result "1-0"]
[WhiteElo "2803"]
[BlackElo "2194"]
[PlyCount "59"]
[EventDate "2024.04.16"]
[EventType "swiss (blitz)"]
[EventRounds "11"]
[EventCountry "USA"]
[SourceTitle "CB17_2024"]
[SourceDate "2024.04.24"]
[SourceVersion "1"]
[SourceVersionDate "2024.04.24"]
[SourceQuality "1"]

1. g3 g6 2. Bg2 Bg7 3. Nf3 d6 4. 0-0 e5 5. e4 Ne7 6. d3 c5 7. c4 Nbc6 8. Nc3 0-0 9. Rb1 h6 10. a3 a5 11. Ne1 Nd4 12. Nc2 f5 13. exf5 Nxc2 14. Qxc2 Nxf5 15. Be3 Kh7 16. Rbe1 Rb8 17. Be4 Be6 18. Qd1 Qd7 19. a4 b6 20. h4 h5 21. Kh2 Kg8 22. Nd5 Rf7 23. Bg5 Kh7 24. f3 Bxd5 25. Bxd5 Rff8 26. Be4 Nd4 27. f4 Nf5 28. g4 hxg4 29. Qxg4 Kg8 30. Bd5+ 1-0

[Event "Titled Tuesday intern op 16th Apr Late"]
[Site "Chess.com INT"]
[Date "2024.04.16"]
[Round "5"]
[White "Caruana, Fabiano"]
[Black "Wieczorek, Oskar"]
[Result "1-0"]
[WhiteElo "2803"]
[BlackElo "2491"]
[PlyCount "65"]
[EventDate "2024.04.16"]
[EventType "swiss (blitz)"]
[EventRounds "11"]
[EventCountry "USA"]
[SourceTitle "CB17_2024"]
[SourceDate "2024.04.24"]
[SourceVersion "1"]
[SourceVersionDate "2024.04.24"]
[SourceQuality "1"]

1. c4 Nf6 2. Nc3 g6 3. e4 d6 4. d4 Bg7 5. Bd3 0-0 6. Nge2 Nc6 7. 0-0 e5 8. d5 Nd4 9. Bc2 Nxc2 10. Qxc2 b6 11. f3 a5 12. Be3 Nd7 13. a3 f5 14. b4 f4 15. Bf2 g5 16. Nb5 Nf6 17. c5 bxc5 18. bxc5 g4 19. cxd6 cxd6 20. Qc7 gxf3 21. Qxd8 Rxd8 22. gxf3 Bh3 23. Rfc1 Kh8 24. Kh1 Bf8 25. Bh4 Be7 26. Rc7 Nxd5 27. Bxe7 Nxe7 28. Rxe7 Rg8 29. Rg1 Rxg1+ 30. Nxg1 Bf1 31. Nxd6 Rg8 32. h4 Rg6 33. Nf5 1-0

[Event "Titled Tuesday intern op 16th Apr Late"]
[Site "Chess.com INT"]
[Date "2024.04.16"]
[Round "6"]
[White "Kadric, Denis"]
[Black "Caruana, Fabiano"]
[Result "0-1"]
[WhiteElo "2558"]
[BlackElo "2803"]
[PlyCount "138"]
[EventDate "2024.04.16"]
[EventType "swiss (blitz)"]
[EventRounds "11"]
[EventCountry "USA"]
[SourceTitle "CB17_2024"]
[SourceDate "2024.04.24"]
[SourceVersion "1"]
[SourceVersionDate "2024.04.24"]
[SourceQuality "1"]

1. e4 e6 2. d3 d5 3. Nd2 Nf6 4. e5 Nfd7 5. f4 c5 6. g3 Nc6 7. Bg2 f6 8. exf6 Nxf6 9. Ndf3 Bd6 10. Nh3 0-0 11. 0-0 Qc7 12. c3 Bd7 13. Bd2 Rae8 14. Qb3 b5 15. Rae1 a5 16. Qc2 a4 17. Nf2 c4 18. a3 Re7 19. d4 Be8 20. Ne5 Bxe5 21. fxe5 Bg6 22. Qd1 Ne4 23. Nxe4 Rxf1+ 24. Rxf1 dxe4 25. h4 h5 26. g4 Rf7 27. gxh5 Rxf1+ 28. Qxf1 Bxh5 29. Bxe4 Ne7 30. Bg5 Qd7 31. Bxe7 Qxe7 32. Qf4 Be8 33. Kh2 Qc7 34. d5 exd5 35. Bxd5+ Kh7 36. Be4+ Kg8 37. Qf5 Bf7 38. Kg2 g6 39. Qf6 Qd7 40. Kg3 Qd1 41. e6 Qd6+ 42. Kf3 Bxe6 43. Qxg6+ Kf8 44. Qf6+ Ke8 45. Ke3 Qg3+ 46. Bf3 Kd7 47. Kd4 Qf2+ 48. Ke5 Qe3+ 49. Be4 Qc5+ 50. Kf4 Qf2+ 51. Kg5 Qg3+ 52. Kh6 Qe3+ 53. Qg5 Qxe4 54. Qxb5+ Ke7 55. Qg5+ Kd6 56. Qg3+ Kc6 57. h5 Qf5 58. Qg2+ Kd6 59. Qd2+ Ke7 60. Qg5+ Kd6 61. Qxf5 Bxf5 62. Kg7 Ke5 63. h6 Kf4 64. h7 Bxh7 65. Kxh7 Ke3 66. Kg6 Kd3 67. Kf5 Kc2 68. Ke4 Kxb2 69. Kd4 Kb3 0-1

[Event "Candidates Tournament"]
[Site "Toronto"]
[Date "2024.04.15"]
[Round "10"]
[White "Caruana, Fabiano"]
[Black "Firouzja, Alireza"]
[Result "1-0"]
[WhiteElo "2803"]
[BlackElo "2760"]
[PlyCount "93"]
[EventDate "2024.04.04"]
[EventType "tourn"]
[EventRounds "14"]
[EventCountry "CAN"]
[EventCategory "20"]
[SourceTitle "CB17_2024"]
[SourceDate "2024.04.24"]
[SourceVersion "1"]
[SourceVersionDate "2024.04.24"]
[SourceQuality "1"]

1. e4 c5 2. Nf3 d6 3. d4 cxd4 4. Nxd4 Nf6 5. Nc3 a6 6. Rg1 h5 7. Bc4 g6 8. Bg5 Bg7 9. Qd2 Qa5 10. 0-0-0 Nc6 11. Nb3 Qxg5 12. Qxg5 Bh6 13. h4 Be6 14. Be2 Kf8 15. Nd4 Nxd4 16. Rxd4 Rc8 17. f4 Bxg5 18. hxg5 Ng4 19. Rf1 Bd7 20. Kd2 Bc6 21. Nd5 f5 22. gxf6 Nxf6 23. c4 Kg7 24. Nxe7 Nxe4+ 25. Kd1 Ng3 26. Re1 Nf5 27. Nxf5+ gxf5 28. Bd3 Rcf8 29. Rxd6 Rf6 30. c5 h4 31. Re7+ Kg6 32. Re5 Rh5 33. Bf1 Rxd6+ 34. cxd6 Rh8 35. Re6+ Kf7 36. Bc4 Rd8 37. Ke1 Kg7 38. Kf2 a5 39. a3 b5 40. Bd3 Bd5 41. Re7+ Bf7 42. Bxb5 Kf6 43. Rc7 Rxd6 44. Rc6 Rxc6 45. Bxc6 Bb3 46. Bd7 Kg6 47. Kg1 1-0

[Event "Candidates Tournament"]
[Site "Toronto"]
[Date "2024.04.14"]
[Round "9"]
[White "Abasov, Nijat Azad"]
[Black "Caruana, Fabiano"]
[Result "1/2-1/2"]
[WhiteElo "2632"]
[BlackElo "2803"]
[PlyCount "87"]
[EventDate "2024.04.04"]
[EventType "tourn"]
[EventRounds "14"]
[EventCountry "CAN"]
[EventCategory "20"]
[SourceTitle "CB17_2024"]
[SourceDate "2024.04.24"]
[SourceVersion "1"]
[SourceVersionDate "2024.04.24"]
[SourceQuality "1"]

1. d4 d5 2. c4 e6 3. Nc3 Bb4 4. a3 Bxc3+ 5. bxc3 Nf6 6. e3 c6 7. a4 0-0 8. Bd3 e5 9. dxe5 dxc4 10. Bxc4 Qxd1+ 11. Kxd1 Ng4 12. Ke1 Nxe5 13. Be2 Rd8 14. Nf3 Nd3+ 15. Bxd3 Rxd3 16. Bb2 Be6 17. Ke2 Rd8 18. Nd2 c5 19. c4 Nc6 20. a5 Rd7 21. Bc3 Rad8 22. Rhc1 h6 23. Rab1 Bf5 24. Rb5 Ne5 25. Bxe5 Rxd2+ 26. Kf3 Ra2 27. Rxb7 Rdd2 28. Bg3 a6 29. Rc7 Rxa5 30. h4 h5 31. Kf4 Be6 32. Ke5 Kh7 33. Ke4 Rb2 34. Rc3 Rd2 35. Rc1 Rd8 36. Rc6 Rd7 37. Bd6 Ra4 38. Kf3 f6 39. Kg3 Bxc4 40. Rxc5 Bf7 41. Bf4 Rb4 42. Rc7 Rb7 43. Rxd7 Rxd7 44. Rc7 1/2-1/2

[Event "American Cup Blitz"]
[Site "Saint Louis"]
[Date "2024.03.21"]
[Round "1"]
[White "Caruana, Fabiano"]
[Black "Batsuren, Dambasuren"]
[Result "1-0"]
[WhiteElo "2804"]
[BlackElo "2515"]
[PlyCount "79"]
[EventDate "2024.03.21"]
[EventType "swiss (blitz)"]
[EventRounds "7"]
[EventCountry "USA"]
[SourceTitle "CB13_2024"]
[SourceDate "2024.03.27"]
[SourceVersion "1"]
[SourceVersionDate "2024.03.27"]
[SourceQuality "1"]

1. e4 e5 2. Nf3 Nc6 3. Bb5 a6 4. Ba4 Bc5 5. c3 Nge7 6. d4 exd4 7. cxd4 Bb4+ 8. Bd2 Bxd2+ 9. Nbxd2 d5 10. e5 0-0 11. 0-0 Bf5 12. Re1 f6 13. exf6 Rxf6 14. Bxc6 Nxc6 15. Qb3 b6 16. Qc3 Qd7 17. Rac1 Raf8 18. Ne5 Nxe5 19. Rxe5 c6 20. Rce1 Bg6 21. f3 Re8 22. Qb4 Qd8 23. Nf1 Rxe5 24. Rxe5 Bf7 25. Qe1 Kf8 26. Ne3 Re6 27. Nf5 Qd7 28. Qb4+ c5 29. dxc5 bxc5 30. Qxc5+ Kg8 31. Rxe6 Qxe6 32. Ne7+ Kh8 33. Qc8+ Qxc8 34. Nxc8 d4 35. a3 Bc4 36. Kf2 Kg8 37. Ne7+ Kf8 38. Nc6 d3 39. Ke3 Bb5 40. Ne5 1-0

[Event "American Cup Champ"]
[Site "Saint Louis"]
[Date "2024.03.16"]
[Round "2.3"]
[White "Aronian, Levon"]
[Black "Caruana, Fabiano"]
[Result "1/2-1/2"]
[WhiteElo "2722"]
[BlackElo "2804"]
[PlyCount "76"]
[EventDate "2024.03.12"]
[EventType "k.o."]
[EventRounds "3"]
[EventCountry "USA"]
[SourceTitle "CB12_2024"]
[SourceDate "2023.10.01"]
[SourceVersion "1"]
[SourceVersionDate "2023.10.01"]
[SourceQuality "1"]

1. e4 c5 2. Nf3 e6 3. g3 Nc6 4. Bg2 Nf6 5. d3 d5 6. Qe2 Be7 7. 0-0 b5 8. Bg5 0-0 9. e5 Nd7 10. Bxe7 Qxe7 11. Nbd2 a5 12. a4 b4 13. b3 Ba6 14. Rfe1 Rac8 15. h4 Rc7 16. Qe3 Rfc8 17. Qf4 Nd4 18. Rac1 Nxf3+ 19. Nxf3 c4 20. dxc4 dxc4 21. Rcd1 cxb3 22. cxb3 Rc3 23. Rd6 Nc5 24. Re3 Bb7 25. Nd2 h6 26. Bf3 Qc7 27. Kg2 Bxf3+ 28. Qxf3 Nd7 29. Qf4 Nb6 30. Rf3 Nd5 31. Qg4 Rxf3 32. Qxf3 Nc3 33. Qd3 g6 34. Qf3 h5 35. Qd3 Kg7 36. Qf3 Kg8 37. Qd3 Kg7 38. Qf3 Kg8 1/2-1/2

[Event "American Cup Elim"]
[Site "Saint Louis"]
[Date "2024.03.16"]
[Round "2.6"]
[White "Dominguez Perez, Leinier"]
[Black "Caruana, Fabiano"]
[Result "0-1"]
[WhiteElo "2749"]
[BlackElo "2804"]
[PlyCount "82"]
[EventDate "2024.03.14"]
[EventType "k.o. (rapid)"]
[EventRounds "3"]
[EventCountry "USA"]
[SourceTitle "CB12_2024"]
[SourceDate "2023.10.01"]
[SourceVersion "1"]
[SourceVersionDate "2023.10.01"]
[SourceQuality "1"]

1. e4 e5 2. Nf3 Nc6 3. Bb5 a6 4. Ba4 Nge7 5. c3 Ng6 6. d4 exd4 7. cxd4 Bb4+ 8. Nc3 d5 9. 0-0 Bxc3 10. exd5 Qxd5 11. bxc3 0-0 12. h3 Na5 13. Re1 b5 14. Bc2 Bf5 15. Bxf5 Qxf5 16. a4 Nc4 17. Qe2 h6 18. Qe4 Qxe4 19. Rxe4 c6 20. h4 h5 21. g3 f6 22. Re6 Rfc8 23. axb5 axb5 24. Rxa8 Rxa8 25. Kg2 Rc8 26. Re2 Kf7 27. Ra2 Rc7 28. Ra8 Ne7 29. Ng1 Nd5 30. Ne2 Ncb6 31. Ra6 Re7 32. Kf1 Rb7 33. Ba3 Rc7 34. Bd6 Rc8 35. Ra7+ Kg6 36. Rb7 Ra8 37. Bc5 Na4 38. Bb4 Nab6 39. Kg2 Nc4 40. Kf3 Re8 41. Ra7 Nd2+ 0-1

[Event "American Cup Champ"]
[Site "Saint Louis"]
[Date "2024.03.14"]
[Round "2.2"]
[White "Aronian, Levon"]
[Black "Caruana, Fabiano"]
[Result "1/2-1/2"]
[WhiteElo "2722"]
[BlackElo "2804"]
[PlyCount "149"]
[EventDate "2024.03.12"]
[EventType "k.o."]
[EventRounds "3"]
[EventCountry "USA"]
[SourceTitle "CB12_2024"]
[SourceDate "2023.10.01"]
[SourceVersion "1"]
[SourceVersionDate "2023.10.01"]
[SourceQuality "1"]

1. e4 e5 2. Nf3 Nc6 3. Bb5 a6 4. Bxc6 dxc6 5. Nc3 f6 6. d4 exd4 7. Qxd4 Qxd4 8. Nxd4 Bd7 9. f3 0-0-0 10. h4 h5 11. Be3 Ne7 12. Kf2 Ng6 13. Rad1 Bd6 14. Nb3 Ne5 15. Bc5 Nc4 16. Bxd6 cxd6 17. Nd2 Ne5 18. Nf1 Kc7 19. Ne3 Be6 20. Ne2 Bf7 21. Rd2 Nc4 22. Nxc4 Bxc4 23. Nd4 Bf7 24. Nf5 g6 25. Ne3 b5 26. a3 Rhe8 27. Rc1 Re5 28. b4 Rb8 29. Rcd1 Rd8 30. Rd4 Ree8 31. g4 hxg4 32. Nxg4 Re6 33. f4 Rde8 34. e5 fxe5 35. fxe5 d5 36. Rf4 R8e7 37. Re1 c5 38. c3 Rc6 39. Re3 Kb6 40. Nf6 Be6 41. Rg3 cxb4 42. axb4 a5 43. bxa5+ Kxa5 44. Rd4 Bf7 45. Re3 Rc4 46. Nxd5 Bxd5 47. Rxd5 Rxh4 48. e6 Kb6 49. Rd7 Rhh7 50. Red3 Kc6 51. R3d6+ Kc5 52. Rd4 Kc6 53. R7d6+ Kc5 54. R4d5+ Kc4 55. Re5 Rh5 56. Rc6+ Kd3 57. Re3+ Kc2 58. Kg3 Kd2 59. Re4 Kc2 60. Rg4 Re5 61. Rxg6 Re3+ 62. Kf4 Rxc3 63. Rb6 Rc5 64. Ke4 Kc3 65. Rg3+ Kb4 66. Rd6 Rh7 67. Rd4+ Rc4 68. Rxc4+ bxc4 69. Kd4 c3 70. Rxc3 Rh4+ 71. Kd5 Kxc3 72. e7 Rh8 73. Ke6 Re8 74. Kd7 Rxe7+ 75. Kxe7 1/2-1/2

[Event "Titled Tuesday intern op 27th Feb Late"]
[Site "Chess.com INT"]
[Date "2024.02.27"]
[Round "3"]
[White "Caruana, Fabiano"]
[Black "Vlassov, Nikolai"]
[Result "1-0"]
[WhiteElo "2804"]
[BlackElo "2299"]
[PlyCount "101"]
[EventDate "2024.02.27"]
[EventType "swiss (blitz)"]
[EventRounds "11"]
[EventCountry "USA"]
[SourceTitle "CB10_2024"]
[SourceDate "2024.03.06"]
[SourceVersion "1"]
[SourceVersionDate "2024.03.06"]
[SourceQuality "1"]

1. e3 e5 2. d4 Nc6 3. d5 Nce7 4. c4 Ng6 5. Nc3 Nf6 6. a3 a5 7. Bd3 Bc5 8. h4 h6 9. h5 Ne7 10. Nge2 d6 11. Ng3 c6 12. dxc6 bxc6 13. Nge4 Nxe4 14. Nxe4 Ba7 15. c5 d5 16. Nd6+ Kf8 17. Nxc8 Qxc8 18. b4 axb4 19. axb4 Bxc5 20. Rb1 Bd6 21. e4 f5 22. exd5 cxd5 23. 0-0 Kf7 24. Bb2 Rf8 25. b5 Kg8 26. Be2 Qe6 27. Qb3 f4 28. Rfd1 e4 29. Rxd5 Nxd5 30. Bc4 Rf5 31. Rd1 Rc8 32. Bxd5 Rxd5 33. Qxd5 Qxd5 34. Rxd5 Rc2 35. Bd4 Bc7 36. b6 Rc1+ 37. Kh2 f3+ 38. bxc7 Rxc7 39. gxf3 exf3 40. Kg3 Kf7 41. Kxf3 g6 42. Kg4 Ke6 43. Re5+ Kf7 44. f4 gxh5+ 45. Kxh5 Rc4 46. Be3 Kf6 47. Rc5 Re4 48. Bc1 Re1 49. Bb2+ Ke6 50. Kxh6 Rg1 51. Rg5 1-0

[Event "Titled Tuesday intern op 27th Feb Late"]
[Site "Chess.com INT"]
[Date "2024.02.27"]
[Round "10"]
[White "Hansen, Eric"]
[Black "Caruana, Fabiano"]
[Result "0-1"]
[WhiteElo "2610"]
[BlackElo "2804"]
[PlyCount "92"]
[EventDate "2024.02.27"]
[EventType "swiss (blitz)"]
[EventRounds "11"]
[EventCountry "USA"]
[SourceTitle "CB10_2024"]
[SourceDate "2024.03.06"]
[SourceVersion "1"]
[SourceVersionDate "2024.03.06"]
[SourceQuality "1"]

1. e4 c5 2. Nf3 Nc6 3. Bb5 g6 4. Bxc6 dxc6 5. d3 Qc7 6. h3 e5 7. 0-0 Nf6 8. a3 Nh5 9. Qe1 a5 10. Nc3 a4 11. Be3 Bd6 12. Ne2 0-0 13. Qc3 b6 14. Nd2 Be6 15. Nc4 Bxc4 16. dxc4 Nf4 17. Rfe1 Rad8 18. Rad1 Ne6 19. Rd3 Nd4 20. Qd2 Be7 21. Qd1 Rfe8 22. Kh1 Qc8 23. Nc1 b5 24. cxb5 cxb5 25. c3 c4 26. Rd2 Ne6 27. Na2 Rxd2 28. Qxd2 Rd8 29. Qe2 Qd7 30. Kg1 Kg7 31. g3 Ng5 32. Bxg5 Bxg5 33. h4 Be7 34. Kg2 h5 35. Qe3 Qd2 36. Qe2 Qxe2 37. Rxe2 Rd1 38. Rc2 f5 39. exf5 gxf5 40. Nc1 Bc5 41. Ne2 Kf6 42. Ng1 e4 43. Nh3 e3 44. fxe3 Bxe3 45. Re2 Rd2 46. Nf4 Bxf4 0-1

[Event "Titled Tuesday intern op 27th Feb Late"]
[Site "Chess.com INT"]
[Date "2024.02.27"]
[Round "6"]
[White "Pichot, Alan"]
[Black "Caruana, Fabiano"]
[Result "1-0"]
[WhiteElo "2644"]
[BlackElo "2804"]
[PlyCount "115"]
[EventDate "2024.02.27"]
[EventType "swiss (blitz)"]
[EventRounds "11"]
[EventCountry "USA"]
[SourceTitle "CB10_2024"]
[SourceDate "2024.03.06"]
[SourceVersion "1"]
[SourceVersionDate "2024.03.06"]
[SourceQuality "1"]

1. e4 e5 2. Nf3 Nc6 3. Bc4 Nf6 4. d3 Be7 5. 0-0 0-0 6. Re1 d6 7. a4 Be6 8. Nc3 h6 9. h3 Bxc4 10. dxc4 a5 11. b3 Nb8 12. Be3 Nbd7 13. Qd2 Re8 14. Rad1 Bf8 15. Qd3 c6 16. Ne2 g6 17. Ng3 Qc7 18. Qc3 b6 19. Nh2 Nc5 20. Ng4 Nxg4 21. hxg4 Rad8 22. f3 Ne6 23. Kf2 Bg7 24. Rh1 Ng5 25. Rd3 Rd7 26. Qd2 Qd8 27. Rd1 Re6 28. Kg1 Bf6 29. Qf2 Rb7 30. Ne2 Kg7 31. Nc3 Be7 32. R1d2 Rf6 33. Kf1 Ne6 34. Ke1 Nc5 35. Bxc5 bxc5 36. Kd1 Qh8 37. g3 Re6 38. f4 exf4 39. gxf4 Bf6 40. e5 dxe5 41. f5 e4 42. fxe6 exd3 43. Rxd3 fxe6 44. Qxc5 Qf8 45. Qxa5 Rf7 46. Ne4 Bb2 47. Nd2 Rf1+ 48. Nxf1 Qxf1+ 49. Qe1 Qf4 50. c3 Qxg4+ 51. Kc2 Ba3 52. Qe5+ Kf7 53. b4 Qg2+ 54. Rd2 Qg4 55. Rd7+ Ke8 56. Rd4 Qf5+ 57. Qxf5 gxf5 58. a5 1-0

[Event "Titled Tuesday intern op 13th Feb Late"]
[Site "Chess.com INT"]
[Date "2024.02.13"]
[Round "4"]
[White "Caruana, Fabiano"]
[Black "Kamsky, Gata"]
[Result "1-0"]
[WhiteElo "2804"]
[BlackElo "2623"]
[PlyCount "87"]
[EventDate "2024.02.13"]
[EventType "swiss (blitz)"]
[EventRounds "11"]
[EventCountry "USA"]
[SourceTitle "CB08_2024"]
[SourceDate "2024.02.21"]
[SourceVersion "1"]
[SourceVersionDate "2024.02.21"]
[SourceQuality "1"]

1. e4 e5 2. Nf3 Nc6 3. Bb5 g6 4. 0-0 Bg7 5. c3 d6 6. d4 Bd7 7. h3 Nf6 8. Re1 0-0 9. Bd3 Qe8 10. Nbd2 Nh5 11. Nb3 b6 12. Be3 Kh8 13. Nbd2 f5 14. exf5 gxf5 15. dxe5 dxe5 16. Bb5 e4 17. Bxc6 Bxc6 18. Nd4 Bb7 19. f4 c5 20. Nc2 Rd8 21. Qe2 Qg6 22. Qf2 Rg8 23. Nc4 Ba6 24. N2a3 Bf6 25. Red1 Rd3 26. Rxd3 exd3 27. Qf3 Ng3 28. Rd1 Qg7 29. Nd6 Be7 30. Nac4 b5 31. Bxc5 bxc4 32. Bd4 Bf6 33. Bf2 Ne2+ 34. Kh1 Qd7 35. Qd5 Nxf4 36. Nf7+ Qxf7 37. Qxf7 Bg7 38. Qxf5 Rf8 39. Qd7 Bc8 40. Qxa7 Bf5 41. Bd4 Ne6 42. Bxg7+ Nxg7 43. Qd4 Be6 44. b3 1-0

[Event "Titled Tuesday intern op 13th Feb Late"]
[Site "Chess.com INT"]
[Date "2024.02.13"]
[Round "9"]
[White "Caruana, Fabiano"]
[Black "Shankland, Samuel L"]
[Result "1-0"]
[WhiteElo "2804"]
[BlackElo "2674"]
[PlyCount "59"]
[EventDate "2024.02.13"]
[EventType "swiss (blitz)"]
[EventRounds "11"]
[EventCountry "USA"]
[SourceTitle "CB08_2024"]
[SourceDate "2024.02.21"]
[SourceVersion "1"]
[SourceVersionDate "2024.02.21"]
[SourceQuality "1"]

1. e4 c5 2. Nf3 d6 3. d4 cxd4 4. Nxd4 Nf6 5. Nc3 Nc6 6. Bg5 e6 7. Qd3 Be7 8. f4 0-0 9. 0-0-0 Qb6 10. Nf3 Rd8 11. Kb1 a6 12. h4 Qc7 13. Qd2 b5 14. Bd3 b4 15. Ne2 a5 16. Bxf6 Bxf6 17. g4 g6 18. g5 Bg7 19. f5 d5 20. exd5 Rxd5 21. f6 Bf8 22. Nf4 Rc5 23. h5 b3 24. hxg6 bxc2+ 25. Bxc2 fxg6 26. Nxg6 hxg6 27. Bxg6 Rb8 28. Qd3 Nb4 29. f7+ Kg7 30. Rh7# 1-0

[Event "Titled Tuesday intern op 06th Feb Early"]
[Site "Chess.com INT"]
[Date "2024.02.06"]
[Round "3"]
[White "Golubev, Mikhail"]
[Black "Caruana, Fabiano"]
[Result "0-1"]
[WhiteElo "2461"]
[BlackElo "2804"]
[PlyCount "104"]
[EventDate "2024.02.06"]
[EventType "swiss (blitz)"]
[EventRounds "11"]
[EventCountry "USA"]
[SourceTitle "CB07_2024"]
[SourceDate "2024.02.14"]
[SourceVersion "1"]
[SourceVersionDate "2024.02.14"]
[SourceQuality "1"]

1. e4 c5 2. Nf3 Nc6 3. d4 cxd4 4. Nxd4 Nf6 5. Nc3 e5 6. Ndb5 d6 7. Bg5 a6 8. Na3 b5 9. Bxf6 gxf6 10. Nd5 Bg7 11. c3 f5 12. exf5 Bxf5 13. Nc2 0-0 14. Nce3 Bd7 15. Bd3 f5 16. 0-0 e4 17. Bc2 Kh8 18. Qh5 Be8 19. Qh3 Bd7 20. Qh5 Qe8 21. Qxe8 Raxe8 22. f4 exf3 23. Rxf3 f4 24. Nxf4 Rxe3 25. Ng6+ hxg6 26. Rxe3 Ne5 27. Bb3 Bf5 28. Rd1 Rd8 29. a4 bxa4 30. Bxa4 Nc4 31. Re8+ Rxe8 32. Bxe8 Be5 33. Ra1 Nxb2 34. Rxa6 Kg7 35. Bb5 Nd1 36. Rc6 Nxc3 37. Bf1 d5 38. Kf2 d4 39. g3 Ne4+ 40. Ke1 Nf6 41. Bc4 Ng4 42. Be6 Be4 43. Ra6 Nxh2 44. Kf2 Nf3 45. Ra7+ Kh6 46. Bg4 Ng5 47. Bd1 d3 48. Ra4 Bc6 49. Rh4+ Kg7 50. Rg4 Kf6 51. Ke3 Bd7 52. Rb4 Bxg3 0-1

[Event "Titled Tuesday intern op 06th Feb Early"]
[Site "Chess.com INT"]
[Date "2024.02.06"]
[Round "8"]
[White "Mitrabha, Guha"]
[Black "Caruana, Fabiano"]
[Result "0-1"]
[WhiteElo "2526"]
[BlackElo "2804"]
[PlyCount "98"]
[EventDate "2024.02.06"]
[EventType "swiss (blitz)"]
[EventRounds "11"]
[EventCountry "USA"]
[SourceTitle "CB07_2024"]
[SourceDate "2024.02.14"]
[SourceVersion "1"]
[SourceVersionDate "2024.02.14"]
[SourceQuality "1"]

1. d4 Nf6 2. Nf3 d5 3. Bf4 e6 4. e3 Bd6 5. Nbd2 0-0 6. Bd3 b6 7. c3 Ba6 8. Bxa6 Nxa6 9. Qe2 Nb8 10. a4 a5 11. 0-0 Nc6 12. Bg5 h6 13. Bxf6 Qxf6 14. e4 dxe4 15. Nxe4 Qd8 16. Rfe1 Ne7 17. Rad1 Nd5 18. Qb5 Qe8 19. Qb3 Rd8 20. Ned2 Be7 21. Nc4 Rb8 22. Ne3 Nxe3 23. Rxe3 Bd6 24. Qb5 c6 25. Qe2 b5 26. axb5 Rxb5 27. Ra1 Qb8 28. Ra2 Qc7 29. g3 Rfb8 30. Ne1 c5 31. dxc5 Bxc5 32. Re4 Be7 33. Nd3 Rd5 34. Nf4 Rf5 35. Qc4 Qb7 36. h4 Rd8 37. Qe2 Bc5 38. Rea4 Bb6 39. Ra1 Qe7 40. Rd1 Rxd1+ 41. Qxd1 Qc7 42. Qd3 g5 43. Rc4 Qb7 44. hxg5 hxg5 45. Nh3 Rf3 46. Qe4 Qxe4 47. Rxe4 Rxg3+ 48. Kh2 Rd3 49. Re5 Bc7 0-1

[Event "Chessable Masters Play In"]
[Site "Chess.com INT"]
[Date "2024.01.31"]
[Round "8"]
[White "Caruana, Fabiano"]
[Black "Smirnov, Pavel"]
[Result "0-1"]
[WhiteElo "2804"]
[BlackElo "2526"]
[PlyCount "210"]
[EventDate "2024.01.31"]
[EventType "swiss (rapid)"]
[EventRounds "9"]
[EventCountry "USA"]
[SourceTitle "CB06_2024"]
[SourceDate "2024.02.07"]
[SourceVersion "1"]
[SourceVersionDate "2024.02.07"]
[SourceQuality "1"]

1. d4 Nf6 2. c4 e6 3. Nc3 Bb4 4. e3 0-0 5. a3 Bxc3+ 6. bxc3 c5 7. Bd3 Nc6 8. Nf3 d5 9. 0-0 dxc4 10. Bxc4 Qc7 11. a4 b6 12. Qe2 e5 13. Ba3 e4 14. Nd2 Na5 15. Ba2 Bg4 16. f3 exf3 17. gxf3 Be6 18. c4 Rfe8 19. d5 Bh3 20. Rfe1 Qe5 21. Nf1 Qg5+ 22. Ng3 h5 23. f4 Qh6 24. Bb1 h4 25. Nh1 Nb3 26. Nf2 Nxa1 27. Nxh3 Nb3 28. Ng5 Qh5 29. Qxh5 Nxh5 30. Kf2 Nf6 31. Re2 Ng4+ 32. Kf3 Nxe3 33. Bh7+ Kf8 34. Bb2 Nxc4 35. Bc3 Rxe2 36. Kxe2 Nd4+ 37. Kd3 Nd6 38. Bxd4 cxd4 39. Kxd4 Rc8 40. Bd3 Rc1 41. Nf3 Ra1 42. Bc2 Ra3 43. Nxh4 Rh3 44. Ng2 Rxh2 45. Ne3 Ke7 46. Bd3 g6 47. Nc2 Rh4 48. Ke3 Kf6 49. Nd4 Rh3+ 50. Ke2 Rh2+ 51. Ke3 Ra2 52. Bc2 Ra3+ 53. Ke2 Rc3 54. Kd2 Rc4 55. Kd3 Rc5 56. Bb3 Rc1 57. Nc6 a5 58. Ne5 Ke7 59. Bc2 Ra1 60. Nc6+ Kd7 61. Ne5+ Kc7 62. Kd2 Ra3 63. Ke2 Rh3 64. Nf3 Rh1 65. Kd2 b5 66. axb5 Nxb5 67. Ne5 Nd6 68. Nc6 Rh4 69. Ke3 Rh3+ 70. Kd4 Ra3 71. Ne5 Nb5+ 72. Kc5 Nd6 73. Kd4 Ra1 74. Nd3 Rg1 75. Nc5 Rg2 76. Ba4 Rb2 77. Bc6 Rb4+ 78. Ke5 Nc4+ 79. Kf6 Nd6 80. Ke5 f6+ 81. Kxf6 Rxf4+ 82. Kxg6 Rf1 83. Kg5 Rc1 84. Ne6+ Kb6 85. Kf6 Re1 86. Ke7 Nc8+ 87. Kd7 Na7 88. Ba4 Ra1 89. Bc2 a4 90. d6 a3 91. Nc7 Nc6 92. Bb3 Nd4 93. Bg8 Rg1 94. Ba2 Rg7+ 95. Kc8 Kc6 96. Ne8 Ra7 97. Kb8 Rb7+ 98. Kc8 Ra7 99. Kb8 Ra5 100. Nc7 Kxd6 101. Kb7 Ra4 102. Na6 Ra5 103. Nc7 Rc5 104. Ne8+ Ke5 105. Kb6 Rc2 0-1